Design of Members and Frames for Uniaxial and Biaxial Bending and Compression Using the Effective Length Method

Bibliographic Details
Main Authors: Roik, K. (Author), Kindmann, R. (Author), Kuhlman, U. (Author), Kuhlmann, U. (Author)
Format: Article
Language:English
PhysicalDescription:Obr. 1., lit. 6 zázn. v angl., nem.
Subjects:

MARC

LEADER 00000nab a2200000 a 4500
001 vtls000263810
003 SK-MaSNL
005 20260319074811.0
008 160204c1986 xo 0 eng
015 |a SNBRA19rr/mm-uuuuu 
035 |a CL0273924 
040 |a SNKBUCL  |b slo  |c SNKBUCL  |e AACR2 
041 0 |a eng 
044 |a xo  |c SK 
080 |a 624.042:624.071.34:539.41  |2 1981 
080 |a 624.071.34  |2 1981 
080 |a 539.41  |2 1981 
100 1 |a Roik, K.  |4 aut  |9 940663 
245 1 0 |a Design of Members and Frames for Uniaxial and Biaxial Bending and Compression Using the Effective Length Method  |c K. Roik, R. Kindmann, U. Kuhlman ; U. Kuhlmann 
300 |b Obr. 1., lit. 6 zázn. v angl., nem. 
650 0 7 |a konštrukcie kovové  |2 snkbucl  |9 532100 
650 0 7 |a prúty tlačené  |2 snkbucl  |9 940664 
655 7 |a články zo zborníkov  |2 snkbucl  |9 166140 
700 1 |a Kindmann, R.  |4 aut  |9 940665 
700 1 |a Kuhlman, U.  |4 aut  |9 940666 
700 1 |a Kuhlmann, U.  |4 aut  |9 940667 
773 0 |t Medzná únosnosť kovových konštrukcií. 1. diel  |d Bratislava : Dom techniky ČSVTS, 1986  |g S. 91-95 
850 |a Slovenská národná knižnica v Martine  |a MTA001 
852 |a SNK  |b KIS3GCP 
958 |a NB 
958 |a RK 
992 |a RZB 
999 |c 1495725  |d 1497655